000 00354nam a2200145Ia 4500
008 151213s9999 xx 000 0 und d
100 _aP.S.Sastri
245 _aWaden & Civil Disobedience
_cP.S.Sastri
260 _aIndia
_bLakshmi Narain Agarwal
300 _a7334 p.
650 _aEnglish
650 _aEnglish
700 _aP.S.Sastri
999 _c3899
_d3899